Analytical Techniques for Ensuring Food Safety (Record no. 51154)

MARC details
000 -LEADER
fixed length control field 00538nam a22001577a 4500
003 - CONTROL NUMBER IDENTIFIER
control field OSt
008 - FIXED-LENGTH DATA ELEMENTS--GENERAL INFORMATION
fixed length control field 260602b |||||||| |||| 00| 0 eng d
020 ## - INTERNATIONAL STANDARD BOOK NUMBER
International Standard Book Number 9789353876258
082 ## - DEWEY DECIMAL CLASSIFICATION NUMBER
Classification number 664.07
Item number S68A
100 ## - MAIN ENTRY--PERSONAL NAME
Personal name Sofi, Javid Ahmad
245 ## - TITLE STATEMENT
Title Analytical Techniques for Ensuring Food Safety
Remainder of title by javid Ahmed Sofi
260 ## - PUBLICATION, DISTRIBUTION, ETC. (IMPRINT)
Place of publication, distribution, etc New Delhi:
Name of publisher, distributor, etc Satish Serial Publishing House,
Date of publication, distribution, etc 2025.
300 ## - PHYSICAL DESCRIPTION
Extent vii, 256 p.
650 ## - SUBJECT ADDED ENTRY--TOPICAL TERM
Topical term or geographic name as entry element Technology (Applied Sciences) | Chemical and Related Technologies | Biochemistry | Food Technology
942 ## - ADDED ENTRY ELEMENTS (KOHA)
Source of classification or shelving scheme
Koha item type Books
Holdings
Withdrawn status Lost status Source of classification or shelving scheme Damaged status Not for loan Home library Current library Shelving location Date acquired Source of acquisition Cost, normal purchase price Total Checkouts Full call number Barcode Date last seen Bill Date Koha item type Bill Number
          Dr. Rajendra Prasad Central Agricultural University Pusa, Dr. Rajendra Prasad Central Agricultural University Pusa, General Stacks 02/06/2026 Delight Book Agency 2950.00   664.07 S68A 87245 02/06/2026 29/01/2026 Books Bill No. DBS/0262025-2026
          Dr. Rajendra Prasad Central Agricultural University Pusa, Dr. Rajendra Prasad Central Agricultural University Pusa, General Stacks 02/06/2026 Delight Book Agency 2950.00   664.07 S68A 87246 02/06/2026 29/01/2026 Books Bill No. DBS/0262025-2026
Hosted, Implemented, Customized & Maintained by: BestBookBuddies

Powered by Koha